[Event "EU-Cup 29th"]
[Site "Rhodes"]
[Date "2013.10.21"]
[Round "2.6"]
[White "Karalli, Fouad"]
[Black "Papula, Niko"]
[Result "1-0"]
[WhiteElo "1966"]
[BlackElo "1980"]
[PlyCount "145"]
[EventDate "2013.10.20"]
[EventType "team-swiss"]
[EventRounds "7"]
[EventCountry "GRE"]
[SourceTitle "CBM 157"]
[Source "ChessBase"]
[SourceDate "2013.11.12"]
[SourceVersion "1"]
[SourceVersionDate "2013.11.12"]
[SourceQuality "1"]
[WhiteTeam "Butrinti"]
[BlackTeam "Porvoo Velhot"]
[WhiteTeamCountry "ALB"]
[BlackTeamCountry "FIN"]

1. e4 c5 2. Nc3 Nc6 3. f4 e6 4. Nf3 a6 5. a4 Nge7 6. d3 g6 7. Be2 d5 8. e5 Nf5 9. 0-0 Bd7 10. Bd2 h5 11. Ng5 Be7 12. Nh3 f6 13. exf6 Bxf6 14. Kh1 Qb6 15. Rb1 Ncd4 16. Re1 0-0-0 17. a5 Qc7 18. Ng1 Rdf8 19. Nf3 Nc6 20. Na2 Nxa5 21. b4 cxb4 22. Nxb4 Nc6 23. Nxc6 Bxc6 24. c3 Kd7 25. d4 b5 26. Bf1 Ke7 27. Bd3 Kf7 28. Ne5+ Bxe5 29. Rxe5 Nd6 30. Rg5 Ne4 31. Bxe4 dxe4 32. Re5 Bd5 33. Kg1 Ra8 34. Qe1 Rhb8 35. Qh4 Qe7 36. Qh3 a5 37. Rf1 Qd7 38. f5 exf5 39. Rfxf5+ gxf5 40. Qxh5+ Kg8 41. Rxf5 Bf7 42. Qg4+ Kf8 43. Bh6+ Ke8 44. Re5+ Kd8 45. Bg5+ Kc7 46. Re7 Rd8 47. Qxe4 Bc4 48. h4 Ra6 49. Rxd7+ Rxd7 50. Bf4+ Kc8 51. Qe5 Ra8 52. Qc5+ Kb7 53. Qf5 Rf7 54. Qe4+ Ka7 55. d5 a4 56. Be3+ Kb7 57. d6+ Kb8 58. Qe8+ Kb7 59. d7 Rf1+ 60. Kh2 Rd1 61. Bd4 a3 62. Qxa8+ Kxa8 63. d8Q+ Kb7 64. Qb6+ Kc8 65. Qa6+ Kd7 66. Qxa3 Rd2 67. Qa7+ Ke6 68. Qb6+ Kf5 69. Qc5+ Ke4 70. Qe5+ Kd3 71. Qf5+ Ke2 72. Qf3+ Ke1 73. h5 1-0